| 000 | 00676nam a22001817a 4500 | ||
|---|---|---|---|
| 003 | CEME | ||
| 005 | 20210628205913.0 | ||
| 008 | 210208b xxu||||| |||| 00| 0 eng d | ||
| 020 | _a969-8122-05-2 | ||
| 040 | _c. | ||
| 082 | _a530.474 PHA | ||
| 100 |
_aDr. A. Q. Khan Dr. Anwar Ul Haq Dr. Anjum Tauqir _977433 |
||
| 245 | _aPhase transformations-96 proceedings of the first international conference on phase transformations 1-3rd sep 1996 | ||
| 260 |
_aRAWALPINDI _bDR. A. Q. KHAN RESEARCH LABORATORIES _c1996 |
||
| 300 | _a251P | ||
| 650 |
_aMATHEMATICAL MODELLING SURFACE LAYERS AND COATINGS SUPERCONDUCTORS AND OXIDES BINARY AND SUPER ALLOYS _977434 |
||
| 942 |
_cBK _2ddc |
||
| 999 |
_c582702 _d582702 |
||